000 00626nam a2200253 a 4500
001 0001-1223
003 ELIB.Books
008 150529 2010 eng
020 _aKBTS
035 _a(ELIB.Books)0001-1378
092 _aJ
_bDun
100 _aDun, Mary.
245 _aBiblical Foundation for Interfaith Dialogue
250 _aVol 6.
260 _aMIT
_bJudson Research Center
_c2006
300 _a30-34
_c25 Cm
500 _aVol 6.
650 _aBiblical Theology
856 _nKBTS: Library
_uKBTS: Elib
942 _2ddc
_cBK
990 _a1
998 _cbat
_e2015-05-29
999 _c11223
_d11223